00743nam a2200157Ia 4500999001700000082001200017100007900029245010800108260006300216300000900279504003900288650004500327650004900372942001200421952015200433 c12902d12902 aRD.0212 aDandekar, Vandana S.uIntamanrao college of commerecevSangli, Maharashtra 0aDynamics of changeb: a socio-economic perspective of students at the entry point of M.B.B.S. education c2008bIndian Council of Social Science ResearchaNew Delhi a448p aincludes appendix and bibliography aEducationvEconomic aspectszMaharashtra aStudentsvSocio-economic statuszMaharashtra cRP2ddc 001040718MIRPaNASSDOCbNASSDOCd2008-10-13eGifted by : R P Division, ICSSRi2008-09-10l0oRD.0212p44622r2019-04-18 00:00:00w2019-04-18yRP